Culture Générale - Série 2289 - Statistiques

Statistiques générales
  • Ce quiz a été pris 112 fois
  • Le résultat moyen est 5 sur 10
Statistiques - réponses
Question Réponse % Correct
Quel nom porte la femelle du lièvre ? hase
85%
Dans quelle partie du corps humain trouve-t-on l'os appelé "étrier" ? oreille
78%
Quel nom donne-t-on à un scoute de 8 à 12 ans ? louveteau
66%
Complétez le titre du roman de la Comtesse de Ségur : "Un bon petit .... diable
62%
Quel anglicisme de deux mots désigne un spectacle humoristique où un comique fait son show, debout, seul sur scène ? stand-up
55%
Sous quel nom connaissait-on mieux l'ancien président d'une république européenne Josip Broz ? voir photo Tito
52%
Ce mot de 3 lettres désigne un plantoir de vigneron ou un ancien supplice ? pal
39%
Dans le roman "L'auberge de l'ange gardien" de la Comtessse de Ségur, écrit en 1863, comment s'appelle le général ? L'auteur a d'ailleurs écrit un roman faisant suite à celui-ci et qui porte le nom de ce général. Dourakine
38%
Alcool fermenté que l'on fabrique au proche orient, à base de riz, de jus de raisin, d'orge ou de canne à sucre, selon les régions. arac
3%
Troisième glaciation quaternaire dans les Alpes, datée de 200 000 ans environ. riss
1%
Aucun quiz correspondant
Distribution des résultats
% des personnes avec chaque résultat
Percentile par nombre de réponses
Votre historique - résultats
Vous n’avez pas pris ce quiz